000 00738nam a22002417a 4500
999 _c13159
_d13159
003 AR-CdUCM
008 190411b ||||| |||| 00| 0 spa d
040 _aMUNICIPALIDAD PROVINCIAL DEL CUSCO
_cBIBLIOTECA MUNICIPAL DEL CUSCO
041 _hbl
082 _aES / 373.868 /
_bG92.
100 _aGuimaraes Rosa, Joao
_931383
245 _aPrimeras historias cuentos /
260 _aLima :
_bAdobe editores,
_bBiblioteca Latinoamericana contemporanea,
_c2000.
300 _a204 paginas ;
_c22 cm.
500 _aCuentos y literatura
650 _aCuentos
_9217
650 _aLiteratura
_983
650 _aHistoria
_9136
650 _aPerú
_935
700 _aCarreño, Pablo
_931384
942 _2ddc
_cLIBROS
945 _apjha
_d2019-04-11